Geography Ending in H, Starting with A-Z - Statistics

General Stats
  • This quiz has been taken 1,597 times
    1,105 since last reset
  • The average score is 15 of 24
Answer Stats
Letter Clue Answer % Correct
E Capital of Scotland Edinburgh
98%
D German for German Deutsch
97%
Z Largest city in Switzerland Zurich
94%
R Saudi Arabia’s capital Riyadh
91%
B Country to the east of India on the Bay of Bengal Bangladesh
90%
U Landlocked state in the Mountain West subregion of the Western United States Utah
87%
H Vietnamese Communist revolutionary leader who a city is named after Ho Chi Minh
86%
P Capital of Cambodia Phnom Penh
83%
Y West Germanic language historically spoken by Ashkenazi Jews Yiddish
80%
M Fourth largest city in the Kingdom of Morocco Marrakesh
79%
J Saudi Arabian port city on the Red Sea Jeddah
78%
C Association of 56 member states, most being former territories of the British Empire Commonwealth
74%
I Town in Suffolk, a county in eastern England Ipswich
59%
N City in England's Norfolk County Norwich
57%
G Borough in London, England, known for its maritime history Greenwich
56%
S Oldest city in the U.S. state of Georgia Savannah
55%
F City in North Central Texas Fort Worth
52%
K Turkic language of the Kipchak branch Kazakh
31%
L Coastal city and port in Southern California Long Beach
30%
A City in Northern Ireland, ecclesiastical capital of Ireland Armagh
28%
O County town of County Tyrone, Northern Ireland Omagh
24%
V City in southwestern Russia Voronezh
22%
T Market town and borough in Staffordshire, England, 14 miles north-east of Birmingham Tamworth
14%
W Market town in the borough of Sandwell, West Midlands, England West Bromwich
11%
No matching quizzes found
Score Distribution
Percent of People with Each Score
Percentile by Number Answered
Your Score History
You have not taken this quiz since the last reset